|
|
|
|
| LEADER |
00000nam a2200000 a 4500 |
| 001 |
vtls010594536 |
| 003 |
SK-MaSNL |
| 005 |
20260301144316.0 |
| 008 |
240318s1973 xo f 000 0 slo |
| 015 |
|
|
|a SNBA1973
|
| 040 |
|
|
|a SNK
|b slo
|c SNK
|e AACR2
|
| 041 |
0 |
|
|a slo
|
| 044 |
|
|
|a xo
|c SK
|
| 080 |
|
|
|a 801.73(08)
|2 1981
|
| 100 |
1 |
|
|a Špánik, Július
|4 aut
|9 341396
|
| 245 |
1 |
0 |
|a Interpretácia čítankového textu
|b (zborník metodických statí pre školy 2. cyklu)
|c zost. Július Špánik a kol.
|
| 260 |
|
|
|a Bratislava
|b Krajský pedagogický ústav
|c 1973
|
| 300 |
|
|
|a 192, [1] s.
|c 4°
|
| 650 |
0 |
7 |
|a umelecký text
|2 SNKPH
|9 71570
|
| 650 |
0 |
7 |
|a interpretácia
|2 SNKPH
|9 501528
|
| 655 |
|
7 |
|a zborníky
|2 SNKPH
|9 70165
|
| 958 |
|
|
|a OND
|
| 958 |
|
|
|a TL
|
| 999 |
|
|
|c 776751
|d 778681
|
| 952 |
|
|
|a SNK
|b SNK
|y PREZ
|7 0
|p 17A0983385
|o snkSB 34092
|i snkK 1101/82
|8 3
|0 0
|1 0
|4 0
|d 2014-05-02
|f 1
|l 0
|r 2025-04-09 00:00:00
|w 2026-02-24
|